[Event "CAN-ch"]
[Site "Guelph CAN"]
[Date "2015.07.12"]
[Round "5.12"]
[White "Zhang, Yuanchen"]
[Black "Zhou, Qiyu"]
[Result "1/2-1/2"]
[WhiteElo "2304"]
[BlackElo "2221"]
[PlyCount "65"]
[GameId "2160767738660427"]
[EventDate "2015.07.10"]
[EventType "swiss"]
[EventRounds "9"]
[EventCountry "CAN"]
[TimeControl "40/5400+30:1800+30"]

1. d4 Nf6 2. c4 e6 3. Nc3 Bb4 4. e3 O-O 5. Nge2 d5 6. a3 Be7 7. cxd5 exd5 8. Nf4 a5 9. Bd3 Na6 10. O-O c6 11. f3 Nc7 12. Bc2 Ne6 13. e4 dxe4 14. Nxe6 Bxe6 15. fxe4 Qd7 16. Qd3 g6 17. Bg5 Nh5 18. Bxe7 Qxe7 19. Qe3 Rfe8 20. e5 Bc4 21. Bd3 Bxd3 22. Qxd3 Rad8 23. Rad1 c5 24. Nb5 cxd4 25. Nd6 Rf8 26. Qxd4 Ng7 27. Qd5 b6 28. Rf3 Qe6 29. Rb3 Rb8 30. Qxe6 Nxe6 31. Rc1 f6 32. Re3 fxe5 33. Rxe5 1/2-1/2

[Event "CAN-ch"]
[Site "Guelph CAN"]
[Date "2015.07.13"]
[Round "6.10"]
[White "Filipovich, David"]
[Black "Zhang, Yuanchen"]
[Result "0-1"]
[WhiteElo "2198"]
[BlackElo "2304"]
[PlyCount "92"]
[GameId "2160767738660437"]
[EventDate "2015.07.10"]
[EventType "swiss"]
[EventRounds "9"]
[EventCountry "CAN"]
[TimeControl "40/5400+30:1800+30"]

1. Nf3 Nf6 2. g3 d5 3. Bg2 c6 4. O-O Nbd7 5. b3 g6 6. Bb2 Bg7 7. c4 O-O 8. Nc3 e5 9. cxd5 Nxd5 10. Nxd5 cxd5 11. d3 b6 12. e4 Ba6 13. Re1 d4 14. Ba3 Re8 15. Qd2 Bf8 16. Bxf8 Nxf8 17. Bh3 Qd6 18. Rec1 Ne6 19. b4 Rac8 20. a4 Bb7 21. Rxc8 Rxc8 22. Rc1 Rxc1+ 23. Qxc1 Nc7 24. Qh6 f6 25. Nh4 Qf8 26. Qd2 Na6 27. Be6+ Kg7 28. b5 Nc5 29. Bc4 Qc8 30. a5 Nxe4 31. Qa2 Nc5 32. axb6 axb6 33. Bd5 Bxd5 34. Qxd5 Qd7 35. Qc4 Qe6 36. Qc2 Qb3 37. Qxb3 Nxb3 38. Nf3 Nc5 39. Ne1 Na4 40. Nc2 Nc3 41. Na3 Kf7 42. Nc4 Na4 43. f4 Ke6 44. fxe5 fxe5 45. Kf2 Kd5 46. h4 e4 0-1

[Event "CAN-ch"]
[Site "Guelph CAN"]
[Date "2015.07.14"]
[Round "7.7"]
[White "Zhang, Yuanchen"]
[Black "Cao, Jason"]
[Result "1-0"]
[WhiteElo "2304"]
[BlackElo "2439"]
[PlyCount "55"]
[GameId "2160767738660446"]
[EventDate "2015.07.10"]
[EventType "swiss"]
[EventRounds "9"]
[EventCountry "CAN"]
[TimeControl "40/5400+30:1800+30"]

1. d4 Nf6 2. c4 e6 3. Nc3 Bb4 4. e3 b6 5. Nge2 c5 6. a3 Ba5 7. Rb1 Na6 8. g3 Bb7 9. d5 b5 10. Bg2 exd5 11. O-O bxc4 12. Nxd5 Nxd5 13. Bxd5 Qc7 14. Bxb7 Qxb7 15. Qa4 Bc7 16. e4 Qxe4 17. Qxa6 Qxb1 18. Qb7 O-O 19. Qxc7 Qd3 20. Nc3 Rac8 21. Qf4 Rfd8 22. Rd1 Qc2 23. Qg4 d5 24. Nxd5 f5 25. Qf3 Qe4 26. Qxe4 fxe4 27. Bg5 Re8 28. Ne7+ 1-0

[Event "CAN-ch"]
[Site "Guelph CAN"]
[Date "2015.07.16"]
[Round "9.7"]
[White "Plotkin, Victor"]
[Black "Zhang, Yuanchen"]
[Result "1/2-1/2"]
[WhiteElo "2400"]
[BlackElo "2304"]
[PlyCount "68"]
[GameId "2160767908879260"]
[EventDate "2015.07.10"]
[EventType "swiss"]
[EventRounds "9"]
[EventCountry "CAN"]

1. e4 e5 2. Nf3 Nc6 3. Bc4 Nf6 4. d3 Be7 5. O-O O-O 6. Nc3 d6 7. a3 Be6 8. Bxe6 fxe6 9. Ng5 Qd7 10. g3 h6 11. Nh3 d5 12. Kg2 dxe4 13. Nxe4 Nxe4 14. dxe4 Qxd1 15. Rxd1 Nd4 16. Bd2 g5 17. Ng1 Rf7 18. Rac1 Raf8 19. Be3 Bc5 20. Rd2 Bb6 21. Rcd1 Nf3 22. Nxf3 Bxe3 23. Rd8 g4 24. Rxf8+ Rxf8 25. fxe3 Rxf3 26. Rd8+ Rf8 27. Rxf8+ Kxf8 28. h3 h5 29. hxg4 hxg4 30. Kf2 Ke7 31. Ke2 Kd6 32. Kd3 Kc5 33. c4 a5 34. b3 c6 1/2-1/2

[Event "Aurora Spring op"]
[Site "Aurora CAN"]
[Date "2015.03.14"]
[Round "1.4"]
[White "Zhang, Yuanchen"]
[Black "Yu, Wenlu"]
[Result "1-0"]
[WhiteElo "2291"]
[BlackElo "2056"]
[PlyCount "69"]
[GameId "2160767908959616"]
[EventDate "2015.03.14"]
[EventType "swiss"]
[EventRounds "5"]
[EventCountry "CAN"]
[SourceTitle "EXT 2019"]
[Source "ChessBase"]
[SourceDate "2018.10.10"]
[SourceVersion "1"]
[SourceVersionDate "2018.10.10"]
[SourceQuality "1"]

1. e4 e5 2. Nf3 Nc6 3. Bb5 Nge7 4. d4 exd4 5. Nxd4 Nxd4 6. Qxd4 Nc6 7. Qd1 Be7 8. O-O O-O 9. Nc3 a6 10. Be2 Bc5 11. Bf4 d6 12. Qd2 Be6 13. Nd5 Re8 14. c3 Ne5 15. b4 Ba7 16. Rad1 Rc8 17. Bg5 f6 18. Be3 Bxe3 19. Nxe3 Qe7 20. f4 Nd7 21. Bf3 Nb6 22. Rfe1 Rcd8 23. Qf2 Qf7 24. Rd2 Nc4 25. Nxc4 Bxc4 26. a4 g6 27. a5 Kg7 28. Qd4 d5 29. e5 c6 30. Re3 f5 31. h3 Re6 32. Rf2 Rh8 33. g4 h5 34. Rg2 Kh6 35. Bd1 1-0

[Event "Aurora Spring op"]
[Site "Aurora CAN"]
[Date "2015.03.14"]
[Round "2.2"]
[White "Li, Yinshi"]
[Black "Zhang, Yuanchen"]
[Result "1/2-1/2"]
[WhiteElo "2168"]
[BlackElo "2291"]
[PlyCount "52"]
[GameId "2160767908959625"]
[EventDate "2015.03.14"]
[EventType "swiss"]
[EventRounds "5"]
[EventCountry "CAN"]
[SourceTitle "EXT 2019"]
[Source "ChessBase"]
[SourceDate "2018.10.10"]
[SourceVersion "1"]
[SourceVersionDate "2018.10.10"]
[SourceQuality "1"]

1. d4 Nf6 2. c4 e6 3. Nf3 b6 4. g3 Bb4+ 5. Bd2 Bxd2+ 6. Qxd2 Ba6 7. b3 c6 8. Bg2 d5 9. Ne5 Nfd7 10. Nxd7 Nxd7 11. cxd5 cxd5 12. O-O O-O 13. Rc1 Nf6 14. Nc3 Qd6 15. e3 Rac8 16. Rc2 Rc7 17. Rac1 Rfc8 18. Bf1 Bxf1 19. Kxf1 Qc6 20. Qd3 Ne8 21. Ke1 Qd7 22. Ne2 Nd6 23. Rxc7 Rxc7 24. Rxc7 Qxc7 25. Qc3 Qd7 26. f3 g6 1/2-1/2

[Event "Aurora Spring op"]
[Site "Aurora CAN"]
[Date "2015.03.14"]
[Round "3.2"]
[White "Zhang, Yuanchen"]
[Black "Derraugh, Geordie"]
[Result "1-0"]
[WhiteElo "2291"]
[BlackElo "2309"]
[PlyCount "105"]
[GameId "2160767908959635"]
[EventDate "2015.03.14"]
[EventType "swiss"]
[EventRounds "5"]
[EventCountry "CAN"]
[SourceTitle "EXT 2019"]
[Source "ChessBase"]
[SourceDate "2018.10.10"]
[SourceVersion "1"]
[SourceVersionDate "2018.10.10"]
[SourceQuality "1"]

1. e4 c5 2. Nf3 d6 3. d4 cxd4 4. Nxd4 Nf6 5. Nc3 a6 6. Bc4 e6 7. Bb3 Nbd7 8. f4 Nc5 9. e5 dxe5 10. fxe5 Nfd7 11. Bf4 Be7 12. Qe2 Bg5 13. Bxg5 Qxg5 14. Nf3 Qf4 15. Rd1 b5 16. Rd4 Qf5 17. g4 Qg6 18. O-O Bb7 19. a4 O-O 20. axb5 axb5 21. Qe3 Nxb3 22. cxb3 Bxf3 23. Rxf3 Ra1+ 24. Kg2 Nb6 25. Qe4 Rc1 26. Qxg6 hxg6 27. Rb4 Re1 28. Rxb5 Nd7 29. Rd3 Nxe5 30. Rd4 Ra8 31. Kf2 Raa1 32. g5 Rf1+ 33. Ke3 Nc6 34. Rc4 Ra6 35. Rb7 Kf8 36. Rh4 Kg8 37. Rc7 f5 38. Rc4 f4+ 39. Ke2 Rh1 40. R7xc6 Rxh2+ 41. Kf3 Ra1 42. Rxf4 e5 43. Rc8+ Kh7 44. Rff8 Rf1+ 45. Ke4 Rxf8 46. Rxf8 Rxb2 47. Nb5 Rxb3 48. Nd6 Rb8 49. Rf3 Rb1 50. Rf8 Re1+ 51. Kd5 Rd1+ 52. Ke6 e4 53. Nf7 1-0

[Event "Aurora Spring op"]
[Site "Aurora CAN"]
[Date "2015.03.15"]
[Round "4.2"]
[White "Zhong, Joey"]
[Black "Zhang, Yuanchen"]
[Result "0-1"]
[WhiteElo "1980"]
[BlackElo "2110"]
[PlyCount "54"]
[GameId "2160767908959644"]
[EventDate "2015.03.14"]
[EventType "swiss"]
[EventRounds "5"]
[EventCountry "CAN"]
[SourceTitle "EXT 2019"]
[Source "ChessBase"]
[SourceDate "2018.10.10"]
[SourceVersion "1"]
[SourceVersionDate "2018.10.10"]
[SourceQuality "1"]

1. e4 e5 2. Nf3 Nc6 3. Nc3 Nf6 4. Bb5 Bb4 5. O-O O-O 6. d3 d6 7. Bg5 Ne7 8. Nh4 c6 9. Bc4 a5 10. a3 Bxc3 11. bxc3 d5 12. Ba2 Qd6 13. Qf3 h6 14. Bxf6 Qxf6 15. Qxf6 gxf6 16. exd5 Nxd5 17. Bxd5 cxd5 18. f4 Ra6 19. Nf3 Re8 20. Rab1 Rc6 21. Rb5 e4 22. Nd4 Rxc3 23. Rxd5 exd3 24. cxd3 Rxd3 25. Rc1 Be6 26. Nxe6 Rxd5 27. Nc7 Rc8 0-1

[Event "Aurora Spring op"]
[Site "Aurora CAN"]
[Date "2015.03.15"]
[Round "5.1"]
[White "Zhang, Yuanchen"]
[Black "Sambuev, Bator"]
[Result "0-1"]
[WhiteElo "2110"]
[BlackElo "2662"]
[PlyCount "134"]
[GameId "2160767908959653"]
[EventDate "2015.03.14"]
[EventType "swiss"]
[EventRounds "5"]
[EventCountry "CAN"]
[SourceTitle "EXT 2019"]
[Source "ChessBase"]
[SourceDate "2018.10.10"]
[SourceVersion "1"]
[SourceVersionDate "2018.10.10"]
[SourceQuality "1"]

1. d4 Nf6 2. c4 d6 3. Nc3 e5 4. d5 Be7 5. e4 O-O 6. f3 Ne8 7. Be3 Bg5 8. Qd2 Bxe3 9. Qxe3 f5 10. exf5 Bxf5 11. Nge2 Qh4+ 12. Ng3 Na6 13. O-O-O Bg6 14. Bd3 Bxd3 15. Qxd3 Nc5 16. Qe2 Nf6 17. Rde1 a6 18. b4 Ncd7 19. Nge4 b5 20. cxb5 axb5 21. Kb2 Nxe4 22. Nxe4 Nf6 23. Qxb5 Rfb8 24. Qc4 Nxe4 25. Rxe4 Qf2+ 26. Qe2 Rxb4+ 27. Ka1 Qc5 28. Rxb4 Qxb4 29. Qb2 Qc4 30. Rd1 h6 31. a3 Qc5 32. Ka2 Rxa3+ 33. Qxa3 Qc2+ 34. Qb2 Qa4+ 35. Qa3 Qxd1 36. Qa8+ Kh7 37. Qc6 Qe2+ 38. Kb3 Qxg2 39. Qc3 e4 40. fxe4 Qxe4 41. Qc6 h5 42. Ka3 Qe3+ 43. Ka4 Qf4+ 44. Kb5 Qxh2 45. Qxc7 h4 46. Qf7 Qe2+ 47. Kb6 Qg4 48. Qf2 h3 49. Kc6 Kg6 50. Qh2 Qc8+ 51. Kb6 Qc5+ 52. Ka6 Qa3+ 53. Kb7 Kf5 54. Kc7 g5 55. Qf2+ Ke4 56. Qd2 Qc5+ 57. Kd7 Qxd5 58. Qe2+ Kf4 59. Qh2+ Kg4 60. Qe2+ Qf3 61. Qd2 d5 62. Qd4+ Kf5 63. Qd2 g4 64. Qh6 Qe4 65. Qh7+ Kf4 66. Qh6+ Kg3 67. Qd6+ Kg2 0-1

[Event "Hart House Holidays op"]
[Site "Toronto CAN"]
[Date "2014.12.21"]
[Round "4"]
[White "Zhong, Joey"]
[Black "Zhang, Yuanchen"]
[Result "1/2-1/2"]
[WhiteElo "2137"]
[BlackElo "2297"]
[PlyCount "36"]
[GameId "2160767909001698"]
[EventDate "2014.12.19"]
[EventType "swiss"]
[EventRounds "5"]
[EventCountry "CAN"]
[SourceTitle "EXT 2022"]
[Source "ChessBase"]
[SourceDate "2021.10.06"]
[SourceVersion "1"]
[SourceVersionDate "2021.10.06"]
[SourceQuality "1"]

1. e4 e5 2. Nf3 Nc6 3. Bc4 Bc5 4. O-O Nf6 5. d4 exd4 6. e5 d5 7. exf6 dxc4 8. fxg7 Rg8 9. Bg5 Be7 10. Bxe7 Kxe7 11. Re1+ Be6 12. Nbd2 Qd5 13. b3 c3 14. Ne4 Rad8 15. Qc1 Rxg7 16. Qh6 Rdg8 17. Qf6+ Kf8 18. Qh6 Ke7 1/2-1/2

[Event "Hart House Holidays op"]
[Site "Toronto CAN"]
[Date "2014.12.21"]
[Round "5"]
[White "Zhang, Yuanchen"]
[Black "Dukic, Zachary"]
[Result "1-0"]
[WhiteElo "2297"]
[BlackElo "2195"]
[PlyCount "37"]
[GameId "2160767909001707"]
[EventDate "2014.12.19"]
[EventType "swiss"]
[EventRounds "5"]
[EventCountry "CAN"]
[SourceTitle "EXT 2022"]
[Source "ChessBase"]
[SourceDate "2021.10.06"]
[SourceVersion "1"]
[SourceVersionDate "2021.10.06"]
[SourceQuality "1"]

1. d4 Nf6 2. c4 g6 3. Nc3 Bg7 4. e4 d6 5. f3 O-O 6. Be3 c5 7. Nge2 cxd4 8. Nxd4 Nc6 9. Qd2 Bd7 10. Be2 a6 11. O-O Nxd4 12. Bxd4 Qa5 13. Rab1 Rac8 14. b4 Qh5 15. Rfc1 b5 16. c5 Bh6 17. f4 Bg4 18. Bxf6 exf6 19. Nd5 1-0

[Event "Aurora Fall op"]
[Site "Aurora CAN"]
[Date "2014.10.04"]
[Round "1.5"]
[White "Zhang, Yuanchen"]
[Black "Hua, Eugene"]
[Result "1/2-1/2"]
[WhiteElo "2149"]
[BlackElo "1796"]
[PlyCount "85"]
[GameId "2160767909035550"]
[EventDate "2014.10.04"]
[EventType "swiss"]
[EventRounds "5"]
[EventCountry "CAN"]

1. d4 Nf6 2. c4 e6 3. Nc3 Bb4 4. e3 O-O 5. Nge2 d5 6. a3 Be7 7. cxd5 exd5 8. Nf4 c6 9. Bd3 Qc7 10. O-O Bd6 11. h3 Nbd7 12. Qf3 Re8 13. Bd2 Nf8 14. b4 a6 15. Rfc1 Qe7 16. Rab1 Ne6 17. Nxe6 Bxe6 18. Na4 Bd7 19. Nc5 Ne4 20. Be1 Ng5 21. Qe2 Bc8 22. h4 Ne6 23. Nxe6 Bxe6 24. g3 Qf6 25. Kg2 Bd7 26. Bd2 Bf5 27. Bxf5 Qxf5 28. Rb3 Re6 29. Qf3 Qg6 30. h5 Qg5 31. Rc2 Rf6 32. Qe2 Qf5 33. Be1 Re6 34. Rcb2 Rh6 35. g4 Qg5 36. Kh3 Re6 37. Qf3 Rf8 38. Qf5 Qxf5 39. gxf5 Rh6 40. Kg4 g6 41. hxg6 fxg6 42. f6 Rxf6 43. f4 1/2-1/2

[Event "Aurora Fall op"]
[Site "Aurora CAN"]
[Date "2014.10.04"]
[Round "2.4"]
[White "Palanisamy, Selvakumar"]
[Black "Zhang, Yuanchen"]
[Result "0-1"]
[WhiteElo "2019"]
[BlackElo "2149"]
[PlyCount "124"]
[GameId "2160767909035559"]
[EventDate "2014.10.04"]
[EventType "swiss"]
[EventRounds "5"]
[EventCountry "CAN"]

1. b3 e5 2. Bb2 Nc6 3. e3 Nf6 4. Bb5 Bd6 5. Nc3 a6 6. Be2 O-O 7. Bf3 Re8 8. d3 Bf8 9. e4 Bc5 10. Nge2 d6 11. O-O Be6 12. Nd5 Ba7 13. Bc1 Bxd5 14. exd5 Nd4 15. Nxd4 Bxd4 16. Rb1 h6 17. Be3 Bxe3 18. fxe3 e4 19. dxe4 Re5 20. c4 Qe7 21. Qd2 Re8 22. Rbe1 Nxe4 23. Bxe4 Rxe4 24. Rf3 g6 25. Qf2 f5 26. h3 Qe5 27. Qg3 Qxg3 28. Rxg3 Kg7 29. Rf3 a5 30. Kf2 a4 31. Rf4 axb3 32. axb3 Ra8 33. Re2 Ra3 34. Rb2 Kf6 35. g4 Ke5 36. gxf5 Rxf4+ 37. exf4+ Kxf5 38. Kf3 Ra1 39. Re2 Rb1 40. Re3 h5 41. Kg3 Rb2 42. Kf3 h4 43. Re7 Rxb3+ 44. Kg2 Kxf4 45. Rf7+ Ke4 46. Re7+ Kd4 47. Rxc7 b5 48. cxb5 Kxd5 49. Rh7 Rg3+ 50. Kh2 g5 51. Rh6 Kc5 52. Rg6 d5 53. b6 Rb3 54. Kg2 Rxb6 55. Rxg5 Rb2+ 56. Kf3 Rh2 57. Kg4 Rg2+ 58. Kxh4 Rxg5 59. Kxg5 d4 60. Kf4 Kc4 61. Kf3 Kc3 62. h4 d3 0-1

[Event "Aurora Fall op"]
[Site "Aurora CAN"]
[Date "2014.10.04"]
[Round "3.3"]
[White "Zhang, Yuanchen"]
[Black "Yu, Jonathan"]
[Result "0-1"]
[WhiteElo "2149"]
[BlackElo "2031"]
[PlyCount "94"]
[GameId "2160767909035567"]
[EventDate "2014.10.04"]
[EventType "swiss"]
[EventRounds "5"]
[EventCountry "CAN"]

1. d4 e6 2. c4 Nf6 3. Nc3 Bb4 4. e3 c5 5. Nge2 cxd4 6. exd4 d5 7. a3 Bxc3+ 8. Nxc3 Nc6 9. Be3 O-O 10. Rc1 Qa5 11. cxd5 Nxd5 12. Bc4 Nxe3 13. fxe3 Qg5 14. Qd2 e5 15. Rd1 exd4 16. exd4 Re8+ 17. Kf1 Qh5 18. Be2 Bg4 19. Bxg4 Qxg4 20. h3 Qd7 21. g3 Na5 22. Qd3 Rac8 23. Rh2 Nc4 24. Re1 Rxe1+ 25. Kxe1 Qc6 26. Kf1 Nxa3 27. d5 Qc4 28. Rd2 Nc2 29. Qxc4 Ne3+ 30. Ke2 Nxc4 31. Rc2 Nd6 32. Kd3 Kf8 33. Re2 Re8 34. Rf2 a5 35. Rf1 Re5 36. Ra1 b6 37. Ra4 Rf5 38. Ke2 Re5+ 39. Kd3 h5 40. g4 hxg4 41. hxg4 Rg5 42. Ke3 Ke7 43. Kf4 f6 44. b4 axb4 45. Rxb4 Nc8 46. Rb5 Re5 47. Ne4 Rxe4+ 0-1

[Event "Aurora Fall op"]
[Site "Aurora CAN"]
[Date "2014.10.04"]
[Round "4.4"]
[White "Zeromskis, Egidijus"]
[Black "Zhang, Yuanchen"]
[Result "1/2-1/2"]
[Annotator "egis"]
[WhiteElo "2125"]
[BlackElo "2149"]
[PlyCount "38"]
[GameId "2160767909035575"]
[EventDate "2014.10.04"]
[EventType "swiss"]
[EventRounds "5"]
[EventCountry "CAN"]

1. d4 Nf6 2. Nf3 e6 3. e3 c5 4. c3 Nc6 5. Bd3 d5 6. O-O Bd6 7. Nbd2 O-O 8. Re1 e5 9. dxe5 Nxe5 10. Nxe5 Bxe5 11. h3 Re8 12. Nf3 Bc7 13. c4 dxc4 14. Bxc4 Qxd1 15. Rxd1 Bd7 16. Bd2 Bc6 17. Ng5 Rf8 18. Bc3 h6 19. Nf3 Rad8 1/2-1/2

[Event "Aurora Fall op"]
[Site "Aurora CAN"]
[Date "2014.10.04"]
[Round "5.4"]
[White "Yu, Wenlu"]
[Black "Zhang, Yuanchen"]
[Result "0-1"]
[WhiteElo "1826"]
[BlackElo "2149"]
[PlyCount "84"]
[GameId "2160767909035587"]
[EventDate "2014.10.04"]
[EventType "swiss"]
[EventRounds "5"]
[EventCountry "CAN"]

1. Nf3 Nf6 2. g3 d5 3. Bg2 e6 4. O-O Be7 5. d3 O-O 6. b3 c5 7. Nbd2 Nc6 8. Bb2 Qc7 9. c4 d4 10. e3 e5 11. Qe2 h6 12. Rad1 Be6 13. e4 Nd7 14. Bc1 Rae8 15. Ne1 Bd6 16. Nef3 Ne7 17. Nh4 g5 18. Ndf3 f6 19. Nf5 Nxf5 20. exf5 Bxf5 21. Nd2 Bg6 22. Ne4 b6 23. h4 Kg7 24. hxg5 fxg5 25. Bxg5 hxg5 26. Nxg5 Qd8 27. Qg4 Rf5 28. Ne4 Nf6 29. Nxf6 Rxf6 30. f4 Qc8 31. Qh4 Rh8 32. Qg5 Rh5 33. Qxf6+ Kxf6 34. fxe5+ Kg7 35. exd6 Qd7 36. Rf4 Qxd6 37. Bd5 Qe5 38. Rdf1 Qe2 39. R1f2 Qe1+ 40. Rf1 Qxg3+ 41. Bg2 Qe3+ 42. R1f2 Rf5 0-1

[Event "CAN-op"]
[Site "Montreal CAN"]
[Date "2014.07.19"]
[Round "1"]
[White "Zhang, Yuanchen"]
[Black "Xiong, Jeffery"]
[Result "0-1"]
[WhiteElo "2170"]
[BlackElo "2441"]
[PlyCount "54"]
[GameId "2160767909061255"]
[EventDate "2014.07.19"]
[EventType "swiss"]
[EventRounds "9"]
[EventCountry "CAN"]
[SourceTitle "CBM 161 Extra"]
[Source "ChessBase"]
[SourceDate "2014.08.29"]
[SourceVersion "1"]
[SourceVersionDate "2014.08.29"]
[SourceQuality "1"]

1. d4 Nf6 2. c4 e6 3. Nc3 Bb4 4. e3 b6 5. Nge2 Ba6 6. a3 Be7 7. Nf4 d5 8. cxd5 Bxf1 9. Kxf1 exd5 10. g4 g5 11. Nh5 Nxh5 12. gxh5 c6 13. Qf3 Na6 14. e4 Nc7 15. Rg1 h6 16. Bd2 dxe4 17. Qxe4 Qd7 18. Re1 Kf8 19. f4 Re8 20. Qd3 Ne6 21. fxg5 hxg5 22. d5 cxd5 23. Qf5 Rxh5 24. Nxd5 Qb5+ 25. Kg2 Rd8 26. Re5 Rxd5 27. Rf1 Rxd2+ 0-1

[Event "CAN-op"]
[Site "Montreal CAN"]
[Date "2014.07.20"]
[Round "2"]
[White "Zhang, Yuanchen"]
[Black "Vera, Reynaldo"]
[Result "1/2-1/2"]
[WhiteElo "2170"]
[BlackElo "2468"]
[PlyCount "83"]
[GameId "2160767909061277"]
[EventDate "2014.07.19"]
[EventType "swiss"]
[EventRounds "9"]
[EventCountry "CAN"]
[SourceTitle "CBM 161 Extra"]
[Source "ChessBase"]
[SourceDate "2014.08.29"]
[SourceVersion "1"]
[SourceVersionDate "2014.08.29"]
[SourceQuality "1"]

1. d4 Nf6 2. c4 e6 3. Nc3 Bb4 4. e3 O-O 5. Nge2 d5 6. a3 Be7 7. cxd5 exd5 8. Nf4 c6 9. Bd3 Re8 10. O-O Nbd7 11. f3 Nf8 12. Bc2 Ne6 13. e4 dxe4 14. Nxe6 Bxe6 15. fxe4 Bg4 16. Qd3 Bh5 17. Bf4 Bg6 18. Qd2 Qd7 19. e5 Nd5 20. Bb3 Red8 21. Bxd5 cxd5 22. Bg5 Bxg5 23. Qxg5 Rac8 24. h4 h6 25. Qg3 Rc4 26. Ne2 Be4 27. Rf2 Re8 28. Raf1 Re7 29. b3 Rc2 30. Nf4 Rxf2 31. Rxf2 Qc6 32. Nh5 Qg6 33. Qxg6 Bxg6 34. Nf4 Be4 35. Re2 Rc7 36. Re3 Rc2 37. Ne2 Rd2 38. Kf2 Bd3 39. Ke1 Rxe2+ 40. Rxe2 Bxe2 41. Kxe2 Kf8 42. Ke3 1/2-1/2

[Event "Toronto op Crown"]
[Site "Toronto CAN"]
[Date "2014.04.18"]
[Round "1"]
[White "Sambuev, Bator"]
[Black "Zhang, Yuanchen"]
[Result "1-0"]
[WhiteElo "2571"]
[BlackElo "2128"]
[PlyCount "127"]
[GameId "2160767909120335"]
[EventDate "2014.04.18"]
[EventType "swiss"]
[EventRounds "6"]
[EventCountry "CAN"]
[SourceTitle "CBM 159 Extra"]
[Source "ChessBase"]
[SourceDate "2014.04.24"]
[SourceVersion "1"]
[SourceVersionDate "2014.04.24"]
[SourceQuality "1"]

1. d4 Nf6 2. c4 e6 3. Nf3 Bb4+ 4. Nbd2 O-O 5. e3 b6 6. Bd3 Bb7 7. O-O Bxd2 8. Nxd2 d5 9. b3 Nbd7 10. Bb2 Qe7 11. Rc1 Rac8 12. Qe2 e5 13. cxd5 Nxd5 14. dxe5 Nxe5 15. Bxh7+ Kxh7 16. Qh5+ Kg8 17. Bxe5 f6 18. Bb2 Rfd8 19. Nf3 c5 20. a3 Qf7 21. Qxf7+ Kxf7 22. Rfd1 Ne7 23. Rxd8 Rxd8 24. b4 Bxf3 25. gxf3 Rd2 26. Bc3 Ra2 27. bxc5 bxc5 28. Be1 Nf5 29. Kf1 Nh4 30. Rxc5 Nxf3 31. Bb4 Nxh2+ 32. Kg2 Ng4 33. Rc7+ Kg6 34. Kf3 f5 35. Rxa7 Rxf2+ 36. Kg3 Re2 37. Bc5 Nf6 38. Bd4 Ra2 39. Kf4 Nh5+ 40. Ke5 f4 41. exf4 Re2+ 42. Kd6 Nxf4 43. Rxg7+ Kf5 44. Rf7+ Ke4 45. Bc5 Ra2 46. Re7+ Kd3 47. Re3+ Kc2 48. Ke5 Nd3+ 49. Kd4 Nxc5 50. Kxc5 Ra1 51. Kc4 Rh1 52. Re2+ Kb1 53. a4 Rh4+ 54. Kb5 Rh5+ 55. Kc6 Rh6+ 56. Kd5 Ra6 57. Re4 Kc2 58. Kc5 Rh6 59. Re5 Kb3 60. Kb5 Kc3 61. a5 Kd4 62. Rg5 Rh8 63. a6 Rb8+ 64. Kc6 1-0

[Event "Toronto op Crown"]
[Site "Toronto CAN"]
[Date "2014.04.18"]
[Round "2"]
[White "Cheng, Bindi"]
[Black "Zhang, Yuanchen"]
[Result "1/2-1/2"]
[WhiteElo "2425"]
[BlackElo "2128"]
[PlyCount "174"]
[GameId "2160767909120338"]
[EventDate "2014.04.18"]
[EventType "swiss"]
[EventRounds "6"]
[EventCountry "CAN"]
[SourceTitle "CBM 159 Extra"]
[Source "ChessBase"]
[SourceDate "2014.04.24"]
[SourceVersion "1"]
[SourceVersionDate "2014.04.24"]
[SourceQuality "1"]

1. d4 Nf6 2. Nf3 e6 3. c4 Bb4+ 4. Bd2 Bxd2+ 5. Qxd2 b6 6. g3 Ba6 7. b3 c6 8. Bg2 d5 9. Ne5 Nbd7 10. Nxd7 Nxd7 11. O-O O-O 12. Rc1 Qe7 13. Qb2 Nf6 14. Nd2 Rac8 15. b4 dxc4 16. Nxc4 Nd5 17. Rab1 Rfd8 18. Ne5 Bb7 19. Rc2 f6 20. Nc4 Ba6 21. a3 Qd7 22. Bh3 Bxc4 23. Rxc4 f5 24. Qc2 b5 25. Rc5 Nb6 26. e3 Rc7 27. Rc1 Rdc8 28. Bg2 Nc4 29. a4 a6 30. Bf1 Nd6 31. Bd3 g6 32. h4 Kf7 33. Qe2 Nb7 34. R5c3 Qd6 35. Qb2 Nd8 36. Be2 Ke7 37. Bf3 Kf7 38. Rc5 Nb7 39. R5c2 Nd8 40. Kg2 Nb7 41. h5 bxa4 42. hxg6+ hxg6 43. Rh1 Kg8 44. Qa2 a5 45. bxa5 Nxa5 46. Qxa4 Nb7 47. Qa1 Nd8 48. Ra2 Nf7 49. Ra6 g5 50. g4 fxg4 51. Bxg4 Qd5+ 52. f3 Rb8 53. Ra5 Qc4 54. Qa2 Qxa2+ 55. Rxa2 e5 56. dxe5 Nxe5 57. Rh5 Nf7 58. Be6 Rb5 59. Rc2 Re5 60. Bxf7+ Rxf7 61. Rxc6 Rxe3 62. Rc8+ Kg7 63. Rxg5+ Kf6 64. Rg4 Re5 65. Kg3 Ra7 66. Rf8+ Ke7 67. Rb8 Ra1 68. Rh4 Kf7 69. Rb7+ Kg6 70. Rb6+ Kg7 71. Rg4+ Kf7 72. Rf4+ Kg7 73. Re4 Rg1+ 74. Kf2 Rg6 75. Rb7+ Kh6 76. f4 Ra5 77. Re3 Rf6 78. Rb4 Raf5 79. Kf3 Rh5 80. Re8 Ra5 81. Rh8+ Kg7 82. Re8 Ra3+ 83. Ke4 Ra1 84. Rc8 Re1+ 85. Kf3 Rf1+ 86. Ke3 Re6+ 87. Kd2 Rf2+ 1/2-1/2

[Event "Toronto op Crown"]
[Site "Toronto CAN"]
[Date "2014.04.19"]
[Round "3"]
[White "Zhang, Yuanchen"]
[Black "Peev, Pavel"]
[Result "1-0"]
[WhiteElo "2128"]
[BlackElo "2057"]
[PlyCount "83"]
[GameId "2160767909120350"]
[EventDate "2014.04.18"]
[EventType "swiss"]
[EventRounds "6"]
[EventCountry "CAN"]
[SourceTitle "CBM 159 Extra"]
[Source "ChessBase"]
[SourceDate "2014.04.24"]
[SourceVersion "1"]
[SourceVersionDate "2014.04.24"]
[SourceQuality "1"]

1. d4 Nf6 2. c4 c5 3. d5 b5 4. cxb5 a6 5. b6 Qxb6 6. Nc3 g6 7. Nf3 Bg7 8. e4 d6 9. Be2 Nbd7 10. a4 O-O 11. a5 Qc7 12. Nd2 Rb8 13. O-O Rb4 14. h3 Rd4 15. Qc2 e6 16. Nc4 exd5 17. exd5 Nxd5 18. Nxd5 Rxd5 19. Bf3 Rd4 20. Be3 Rxc4 21. Qxc4 Ne5 22. Qe2 Nxf3+ 23. Qxf3 Bxb2 24. Rab1 Be5 25. Rb6 Be6 26. Bf4 d5 27. Bxe5 Qxe5 28. Rxa6 d4 29. Ra8 Bd5 30. Rxf8+ Kxf8 31. Qa3 Qe7 32. a6 c4 33. Qa5 Ba8 34. Re1 Qd6 35. a7 c3 36. Qb5 Qd5 37. Qxd5 Bxd5 38. Kf1 d3 39. Ra1 Ke7 40. Ke1 Ba8 41. Ra3 d2+ 42. Ke2 1-0

[Event "Toronto op Crown"]
[Site "Toronto CAN"]
[Date "2014.04.20"]
[Round "6"]
[White "Gerzhoy, Leonid"]
[Black "Zhang, Yuanchen"]
[Result "1-0"]
[WhiteElo "2468"]
[BlackElo "2128"]
[PlyCount "51"]
[GameId "2160767909120366"]
[EventDate "2014.04.18"]
[EventType "swiss"]
[EventRounds "6"]
[EventCountry "CAN"]
[SourceTitle "CBM 159 Extra"]
[Source "ChessBase"]
[SourceDate "2014.04.24"]
[SourceVersion "1"]
[SourceVersionDate "2014.04.24"]
[SourceQuality "1"]

1. d4 Nf6 2. c4 e6 3. Nc3 Bb4 4. e3 O-O 5. Bd3 d5 6. a3 Bxc3+ 7. bxc3 c5 8. cxd5 exd5 9. Ne2 Re8 10. O-O Nc6 11. f3 Qc7 12. Ng3 Bd7 13. Re1 Rad8 14. Bb2 a6 15. Qc2 h5 16. Qf2 Bc8 17. h3 b5 18. Rad1 cxd4 19. cxd4 Bb7 20. e4 dxe4 21. fxe4 Nxd4 22. e5 Rxe5 23. Bxd4 Rg5 24. Bb6 Qb8 25. Bxd8 Rxg3 26. Bf1 1-0